00249nam a2200085Ia 4500008004100000041000800041100001900049245004600068260004900114230206s9999 xx 000 0 und d aeng aMouncey P, Ed. aInternational Journal of Market Research  c2008bWorld Advertising Research CenteraU K